La Casa De Papel : Les braqueurs - Statistiques

Statistiques générales
  • Ce quiz a été pris 823 fois
  • Le résultat moyen est 11 sur 15
Statistiques - réponses
Hint Réponse % Correct
a Tokyo
97%
Rio
94%
Berlin
93%
Helsinki
87%
Nairobi
87%
Denver
85%
Oslo
83%
Moscou
78%
Lisbonne
69%
Marseille
67%
Stockholm
64%
Palerme
60%
Bogota
57%
Manille
45%
Pampelune
26%
Aucun quiz correspondant
Distribution des résultats
% des personnes avec chaque résultat
Percentile par nombre de réponses
Votre historique - résultats
Vous n’avez pas pris ce quiz